Pasaporte - Rauw Alejandro, Mr. Naisgai - Estadísticas

Estadísticas generales
  • Esta prueba ha sido intentada 24 veces
  • La puntuación promedio es 194 de 389
Estadísticas de respuestas
Letra % Correcto
A
100%
(a
100%
a
100%
calles
80%
ciudad
80%
de
80%
dura
80%
e'
80%
el
80%
final
80%
Madrid
80%
me
80%
Nada
80%
nada
80%
no
80%
nueva
80%
Nueva
80%
para
80%
que
80%
Que
80%
80%
80%
si
80%
Si
80%
siempre
80%
tiene
80%
to'
80%
todo
80%
ver
80%
y
80%
Yo
80%
yo
80%
al
60%
aventura
60%
aventura)
60%
Brasil
60%
Del
60%
destino
60%
disfrutar
60%
en
60%
hay
60%
hoy
60%
Hoy
60%
la
60%
La
60%
las
60%
los
60%
mar
60%
México
60%
nos
60%
otra
60%
Otra
60%
pasaporte
60%
pensar
60%
Ra
60%
Rauw
60%
regresar
60%
samba
60%
ser
60%
Solo
60%
su
60%
te
60%
tequila
60%
toca
60%
un
60%
Una
60%
(una
60%
va
60%
vece'
60%
vece')
60%
vista
60%
York
60%
a'lante
40%
blossoms
40%
cherry
40%
como
40%
con
40%
desvele
40%
es
40%
eternidad
40%
gente
40%
hace
40%
hotel
40%
importa
40%
Japón
40%
llegue
40%
llegue)
40%
lo
40%
Más
40%
mejor
40%
Mi
40%
nadie
40%
París
40%
piel
40%
próximo
40%
puede
40%
Puerto
40%
quiera'
40%
Rico
40%
tarde
40%
40%
tu
40%
vive
40%
(Vive
40%
vo'a
40%
ya
40%
yeah
40%
Ah
20%
ayer)
20%
cine
20%
contesto
20%
despierto
20%
día'
20%
Dios
20%
duele
20%
efecto
20%
eh
20%
envíame
20%
estoy
20%
expuesto
20%
(ey)
20%
foto'
20%
(Hasta
20%
he
20%
hizo
20%
Ibiza
20%
mañana
20%
Martínez
20%
mía
20%
moda
20%
momento
20%
nota
20%
olvida
20%
otro
20%
sazón
20%
Septiembre
20%
Skrillex
20%
texto
20%
Tïesto
20%
uh
20%
Uh
20%
vez
20%
vida
20%
video'
20%
visto
20%
vuelvo
20%
apoyar
0%
No se encontraron pruebas coincidentes
Distribución de puntuación
Porcentaje de gente con cada puntuación
Porcentaje por número respondido
Historial de tus puntuaciones
No has intentado esta prueba.